[Event "HUN-chT Region CSB"]
[Site "Hungary"]
[Date "2021.11.06"]
[Round "1.1"]
[White "Besenyi, Tibor"]
[Black "Varga, Antal"]
[Result "1-0"]
[WhiteElo "1906"]
[BlackElo "1396"]
[PlyCount "87"]
[EventDate "2021.11.06"]
[EventType "team-swiss"]
[EventRounds "10"]
[EventCountry "HUN"]
[SourceTitle "EXT 2023"]
[Source "ChessBase"]
[SourceDate "2022.10.05"]
[SourceVersion "1"]
[SourceVersionDate "2022.10.05"]
[SourceQuality "1"]
[WhiteTeam "Sopron MAFC"]
[BlackTeam "Asvanyraro Szigetkoezi III"]
[WhiteTeamCountry "HUN"]
[BlackTeamCountry "HUN"]

1. e4 d5 2. exd5 Nf6 3. c4 c6 4. Nc3 Bf5 5. Nf3 e6 6. dxe6 Bxe6 7. d4 Bb4 8. Bd3 Bxc3+ 9. bxc3 0-0 10. 0-0 Qc7 11. Ne5 Nbd7 12. f4 Nxe5 13. fxe5 Ne8 14. Ba3 g6 15. Bxf8 Kxf8 16. Qe2 Ng7 17. Rf4 Re8 18. Raf1 Nh5 19. Rh4 Qe7 20. Rxh5 gxh5 21. Qxh5 f5 22. Bxf5 Bxf5 23. Rxf5+ Kg8 24. Rf6 c5 25. g4 Rd8 26. Qg5+ Kh8 27. Qf5 Rg8 28. d5 Qg7 29. h3 Qe7 30. Rf7 Qh4 31. Kg2 Qh6 32. Qf6+ Qxf6 33. Rxf6 Kg7 34. a4 Re8 35. Rf5 Kg6 36. e6 h5 37. Kf3 hxg4+ 38. hxg4 Re7 39. Ke4 Rh7 40. d6 Rh1 41. Kd5 Re1 42. e7 b6 43. Kc6 Re6 44. Kd7 1-0

[Event "HUN-chT4 Chalupetzky 1819"]
[Site "Hunagry"]
[Date "2019.04.14"]
[Round "9.2"]
[White "Pal, Istvan"]
[Black "Besenyi, Tibor"]
[Result "0-1"]
[WhiteElo "1755"]
[BlackElo "1852"]
[PlyCount "92"]
[EventDate "2018.10.14"]
[EventType "team-tourn"]
[EventRounds "10"]
[EventCountry "HUN"]
[SourceTitle "EXT 2020"]
[Source "ChessBase"]
[SourceDate "2019.10.17"]
[SourceVersion "1"]
[SourceVersionDate "2019.10.17"]
[SourceQuality "1"]
[WhiteTeam "Gyor Bastya"]
[BlackTeam "Fertoszentmiklos"]
[WhiteTeamCountry "HUN"]
[BlackTeamCountry "HUN"]

1. c4 e5 2. Nc3 c5 3. e4 Nf6 4. g3 Nc6 5. Bg2 d6 6. Nge2 Be7 7. 0-0 0-0 8. d3 a6 9. a4 Bg4 10. f3 Bh5 11. Be3 h6 12. h3 Bg6 13. f4 exf4 14. Nxf4 Ne5 15. b3 Bh7 16. d4 Ng6 17. Nfd5 Nxd5 18. Nxd5 Bg5 19. Bf2 cxd4 20. Bxd4 Ne5 21. Nb6 Rb8 22. Bxe5 Qxb6+ 23. Bd4 Be3+ 24. Bxe3 Qxe3+ 25. Kh2 Rbe8 26. Re1 Qf2 27. Re2 Qb6 28. Raa2 Re6 29. Rad2 Rfe8 30. Qc2 Bg6 31. Re1 Qc7 32. Rde2 Qe7 33. Bf3 Re5 34. Qd3 Rg5 35. Qd4 Re5 36. Qd3 Qf8 37. Qd4 Kh8 38. Rd1 R8e6 39. Rf1 Qe7 40. Rd1 Bxe4 41. Bxe4 Rxe4 42. Rxe4 Rxe4 43. Qd3 Re2+ 44. Kh1 Qe6 45. Kg1 Re3 46. Qxd6 Re1+ 0-1

[Event "HUN-chT4 Chalupetzky 1718"]
[Site "Hungary"]
[Date "2018.02.25"]
[Round "6.1"]
[White "Besenyi, Tibor"]
[Black "Erky, Tamas"]
[Result "0-1"]
[WhiteElo "1896"]
[BlackElo "1813"]
[PlyCount "90"]
[EventDate "2017.10.15"]
[EventType "team-tourn"]
[EventRounds "7"]
[EventCountry "HUN"]
[SourceTitle "EXT 2019"]
[Source "ChessBase"]
[SourceDate "2018.10.10"]
[SourceVersion "1"]
[SourceVersionDate "2018.10.10"]
[SourceQuality "1"]
[WhiteTeam "Lovo"]
[BlackTeam "Gyor Szechenyi II"]
[WhiteTeamCountry "HUN"]
[BlackTeamCountry "HUN"]

1. e4 e6 2. d4 d5 3. Nc3 Nf6 4. Bg5 Be7 5. Bd3 dxe4 6. Bxf6 Bxf6 7. Nxe4 Qxd4 8. c3 Qd8 9. Nf3 Bd7 10. Qb3 0-0 11. Rd1 Qe7 12. 0-0 Bc6 13. Rfe1 Nd7 14. Qc2 h6 15. Nxf6+ Nxf6 16. Nd4 Qc5 17. Re3 Rfe8 18. Qe2 Rad8 19. b4 Qd5 20. Nxc6 Qxc6 21. Re1 Qd5 22. Bb1 Qh5 23. Qc2 Qg5 24. a4 Rd6 25. Rd3 Red8 26. Rd4 Rxd4 27. cxd4 c6 28. b5 Qd5 29. bxc6 bxc6 30. Qc3 Qxd4 31. Qxc6 Qd2 32. Rf1 a5 33. h3 Nd5 34. Qc4 Nc3 35. Qc7 Nxa4 36. Be4 Nc3 37. Bf3 a4 38. Kh1 a3 39. Bh5 g6 40. Bg4 Rd7 41. Qb8+ Kh7 42. Qa8 a2 43. h4 Qd4 44. Bf3 Qxh4+ 45. Kg1 Qa4 0-1

[Event "HUN-chT4 1617"]
[Site "Hungary"]
[Date "2017.04.23"]
[Round "7.2"]
[White "Besenyi, Tibor"]
[Black "Rako, Istvan"]
[Result "1/2-1/2"]
[WhiteElo "1906"]
[BlackElo "2038"]
[PlyCount "27"]
[EventDate "2016.10.02"]
[EventType "team-tourn"]
[EventRounds "7"]
[EventCountry "HUN"]
[SourceTitle "EXT 2019"]
[Source "ChessBase"]
[SourceDate "2018.10.10"]
[SourceVersion "1"]
[SourceVersionDate "2018.10.10"]
[SourceQuality "1"]

1. e4 c6 2. d4 g6 3. Be3 d5 4. e5 Bg7 5. Nf3 Bg4 6. Be2 f6 7. exf6 exf6 8. 0-0 Nh6 9. Re1 0-0 10. Qd2 Nf7 11. c4 dxc4 12. a4 Nd6 13. Bf4 Kh8 14. Qb4 1/2-1/2

[Event "HUN-chT2 Szechenyi 1617"]
[Site "Hungary"]
[Date "2017.01.29"]
[Round "7.6"]
[White "Ter, Marcell"]
[Black "Besenyi, Tibor"]
[Result "1/2-1/2"]
[WhiteElo "2150"]
[BlackElo "1941"]
[PlyCount "81"]
[EventDate "2016.09.25"]
[EventType "team-tourn"]
[EventRounds "11"]
[EventCountry "HUN"]
[SourceTitle "EXT 2021"]
[Source "ChessBase"]
[SourceDate "2020.10.23"]
[SourceVersion "1"]
[SourceVersionDate "2020.10.23"]
[SourceQuality "1"]
[WhiteTeam "Csuti Baki Agrocentrum"]
[BlackTeam "Lovo"]
[WhiteTeamCountry "HUN"]
[BlackTeamCountry "HUN"]

1. e4 e6 2. d4 d5 3. e5 Bd7 4. c3 c5 5. Bd3 Nc6 6. Ne2 cxd4 7. cxd4 Nb4 8. 0-0 Nxd3 9. Qxd3 a6 10. Nbc3 Be7 11. Qg3 g6 12. Be3 h5 13. f4 Nh6 14. Qf3 Nf5 15. Bf2 Rc8 16. Ng3 Nxg3 17. Qxg3 Rc4 18. Rac1 Bb4 19. Rc2 Qc7 20. Rfc1 0-0 21. a3 Bxc3 22. Rxc3 Rc8 23. Rxc4 dxc4 24. Qc3 Qc6 25. Qe3 Qb5 26. Rc2 Bc6 27. Be1 Qd5 28. Bc3 Kg7 29. Rf2 Qd8 30. Qg3 Be4 31. Qe3 Bd5 32. Bd2 b5 33. h3 Rb8 34. g4 Qh8 35. f5 hxg4 36. Rh2 g3 37. f6+ Kf8 38. Qxg3 Qh5 39. Qg4 Bf3 40. Qxh5 Bxh5 41. Kf2 1/2-1/2

[Event "HUN-chT2 Szechenyi 1516"]
[Site "Hungary"]
[Date "2016.02.28"]
[Round "8.9"]
[White "Juhasz, Judit"]
[Black "Besenyi, Tibor"]
[Result "0-1"]
[WhiteElo "1590"]
[BlackElo "1930"]
[PlyCount "58"]
[EventDate "2015.09.13"]
[EventType "team-tourn"]
[EventRounds "11"]
[EventCountry "HUN"]
[SourceTitle "EXT 2017"]
[Source "ChessBase"]
[SourceDate "2016.10.25"]
[SourceVersion "1"]
[SourceVersionDate "2016.10.25"]
[SourceQuality "1"]
[WhiteTeam "Tapolca Kolcsey"]
[BlackTeam "Lovo"]
[WhiteTeamCountry "HUN"]
[BlackTeamCountry "HUN"]

1. e4 e6 2. d4 d5 3. exd5 exd5 4. Bd3 c5 5. c3 Nc6 6. Be3 c4 7. Bc2 Nf6 8. h3 Bd6 9. Nd2 0-0 10. Qf3 b5 11. g4 h6 12. Ne2 b4 13. g5 bxc3 14. gxf6 cxd2+ 15. Bxd2 Nb4 16. Bb1 Nd3+ 17. Bxd3 cxd3 18. fxg7 Re8 19. Qxd3 Qf6 20. Be3 a5 21. Nc3 Qf3 22. Kd2 Ba6 23. Qc2 Rxe3 24. fxe3 Qg2+ 25. Kc1 Qxh1+ 26. Qd1 Qxh3 27. Nxd5 Rc8+ 28. Nc3 Qxe3+ 29. Kc2 Bf4 0-1

[Event "HUN-chT2 Szechenyi 1516"]
[Site "Hungary"]
[Date "2015.09.13"]
[Round "1.7"]
[White "Besenyi, Tibor"]
[Black "Kaufmann, Attila"]
[Result "1/2-1/2"]
[WhiteElo "1937"]
[BlackElo "1986"]
[PlyCount "20"]
[EventDate "2015.09.13"]
[EventType "team-tourn"]
[EventRounds "11"]
[EventCountry "HUN"]
[SourceTitle "CBM 170 Extra"]
[Source "ChessBase"]
[SourceDate "2016.02.25"]
[SourceVersion "1"]
[SourceVersionDate "2016.02.25"]
[SourceQuality "1"]
[WhiteTeam "Lovo"]
[BlackTeam "Ajka Banyasz"]
[WhiteTeamCountry "HUN"]
[BlackTeamCountry "HUN"]

1. e4 c6 2. d4 d5 3. e5 Bf5 4. f4 e6 5. Nf3 Qb6 6. Bd3 Bxd3 7. Qxd3 Nh6 8. 0-0 c5 9. Kh1 Nc6 10. c3 cxd4 1/2-1/2

[Event "HUN-chT2 Szechenyi 1415"]
[Site "Hungary"]
[Date "2015.02.08"]
[Round "8.8"]
[White "Moder, Istvan"]
[Black "Besenyi, Tibor"]
[Result "0-1"]
[WhiteElo "1773"]
[BlackElo "1872"]
[PlyCount "66"]
[EventDate "2014.09.07"]
[EventType "team-tourn"]
[EventRounds "11"]
[EventCountry "HUN"]
[SourceTitle "EXT 2016"]
[Source "ChessBase"]
[SourceDate "2015.10.08"]
[SourceVersion "1"]
[SourceVersionDate "2015.10.08"]
[SourceQuality "1"]
[WhiteTeam "Veszprem"]
[BlackTeam "Lovo"]
[WhiteTeamCountry "HUN"]
[BlackTeamCountry "HUN"]

1. d4 Nf6 2. Nf3 d5 3. e3 Bf5 4. c4 c6 5. Nc3 Nbd7 6. cxd5 cxd5 7. Bd3 Bxd3 8. Qxd3 e6 9. Bd2 Bd6 10. Rc1 a6 11. a3 Rc8 12. 0-0 Ng4 13. h3 h5 14. Na4 Rxc1 15. Rxc1 f5 16. Qb3 b5 17. Nc5 Bxc5 18. dxc5 Nge5 19. Nxe5 Nxe5 20. a4 Nc4 21. Bc3 Qg5 22. Re1 0-0 23. axb5 axb5 24. Qa2 f4 25. exf4 Qxf4 26. b3 d4 27. g3 Qf6 28. Ba1 Ne5 29. Re4 Nf3+ 30. Kg2 e5 31. b4+ Kh8 32. Qe2 Qc6 33. Kf1 Qxe4 0-1